01048nam a2200337 i 450000100060000000300090000600500170001500800390003201500170007102000150008804000280010304100080013104600090013908000160014810000420016424500660020626000350027230000210030733600270032833700540035533800280040938000160043738800100045350400220046365000210048565100110050665500240051765800340054165800370057585600980061240540KOSZ 00520220921103110.0020410s2002 pl |001 0 pol aPB 2002/5971 a8372842868 aWA NcWA NdKOSZ 005/HR0 apol k2002 a346.52(438)1 aWiniarska, Kazimierad(1948- )eAutor10aUstawa o rachunkowości :bkomentarz /cKazimiera Winiarska. aWarszawa :b"ABC",ccop. 2002. a331 s. ;c21 cm. 2rdacontentaTekstbtxt 2rdamediaaBez urządzenia pośredniczącegobn 2rdacarrieraWoluminbnc aKsiążki a2001- aBibliogr. Indeks. 4aRachunkowość 7aPolska 7aKomentarz do ustawy aGospodarka, ekonomia, finanse aPrawo i wymiar sprawiedliwości uhttp://koha.tu.koszalin.pl/cgi-bin/koha/opac-detail.pl?biblionumber=40540yKatalog online BPK